Online Catalogue and eLibrary

Amaippumaiya vatamum pin amaippu vatamum (Record no. 1075)

MARC details
000 -LEADER
fixed length control field 00413nam a2200157Ia 4500
005 - DATE AND TIME OF LATEST TRANSACTION
control field 20250522002920.0
008 - FIXED-LENGTH DATA ELEMENTS--GENERAL INFORMATION
fixed length control field 240331s9999 xx 000 0 und d
082 ## - DDC Classification
Class No. 301.01
Item Number - Author Mark POO
100 ## - MAIN ENTRY--PERSONAL NAME
Personal name Pooranachchandiran , K.
245 #0 - TITLE STATEMENT
Title Amaippumaiya vatamum pin amaippu vatamum
260 ## - PUBLICATION, DISTRIBUTION, ETC.
Place of publication, distribution, etc. Kovai
Name of publisher, distributor, etc. Nizhal Veliyidu
Date of publication, distribution, etc. 1991
300 ## - PHYSICAL DESCRIPTION
Extent (e.g. Volumes, Pages etc.) 204 p .,
650 ## - SUBJECT ADDED ENTRY--TOPICAL TERM
Topical term or geographic name entry element Structuralism
650 ## - SUBJECT ADDED ENTRY--TOPICAL TERM
Topical term or geographic name entry element Post-Structuralism
942 ## - Koha item type (Biblio)
Koha item type Books in Stacks (Lending)
Holdings
Lost status Damaged status Collection code Home library Current library Shelving location Date acquired Full call number Accession Number Item type
    Lending WERC Library WERC Library Social Science Cupboard 03/31/2024 301.01 POO 3663 Books in Stacks (Lending)

© WERC Library